MSU Starting 5 (2014-24) - Statistics

General Stats
  • This quiz has been taken 20 times
  • The average score is 34 of 50
Answer Stats
Year Position Hometown HS Ranking Height Grade Answer % Correct
2024 G Coatseville, PA 4 Star 6-3 SR AJ Hoggard
100%
2023 G Coatseville, PA 4 Star 6-3 JR AJ Hoggard
100%
2024 C Bafoulabe, Mali 4 Star 6-9 SR Mady Sissoko
100%
2023 C Bafoulabe, Mali 4 Star 6-9 JR Mady Sissoko
100%
2024 G Westbury, NY 3 Star 6-0 SR Tyson Walker
100%
2023 G Westbury, NY 3 Star 6-0 JR Tyson Walker
100%
2022 G Westbury, NY 3 Star 6-0 SO Tyson Walker
100%
2024 G Farmington, MI 4 Star 6-4 JR Jaden Akins
94%
2023 G Farmington, MI 4 Star 6-4 SO Jaden Akins
94%
2023 F Stevens Point, WI 4 Star 6-9 SR Joey Hauser
94%
2022 F Stevens Point, WI 4 Star 6-9 JR Joey Hauser
94%
2021 F Stevens Point, WI 4 Star 6-9 SO Joey Hauser
94%
2024 F Aurora, IL 4 Star 6-7 SR Malik Hall
94%
2020 G Detroit, MI 4 Star 6-1 SR Cassius Winston
88%
2019 G Detroit, MI 4 Star 6-1 JR Cassius Winston
88%
2018 G Detroit, MI 4 Star 6-1 SO Cassius Winston
88%
2019 G Duncanville, TX 4 Star 6-5 SR Matt McQuaid
81%
2022 F Ypsilanti, MI 4 Star 6-7 SR Gabe Brown
75%
2018 F Carmel, IN 5 Star 6-11 FR Jaren Jackson Jr
75%
2017 G Indianapolis, IN 2 Star 6-3 SR Eron Harris
69%
2016 G Indianapolis, IN 2 Star 6-3 JR Eron Harris
69%
2022 G Arlington Heights, IL 5 Star 6-6 FR Max Christie
69%
2018 F Flint, MI 5 Star 6-7 SO Miles Bridges
69%
2017 F Flint, MI 5 Star 6-7 FR Miles Bridges
69%
2016 G Lansing, MI 4 Star 6-5 SR Denzel Valentine
63%
2015 G Lansing, MI 4 Star 6-5 JR Denzel Valentine
63%
2019 F Troy, MI 2 Star 6-7 SR Kenny Goins
63%
2022 F Grand Rapids, MI 4 Star 6-11 SR Marcus Bingham
63%
2020 F Grand Rapids, MI 4 Star 6-11 SO Marcus Bingham
63%
2020 F Grand Rapids, MI 4 Star 6-8 JR Xavier Tillman
63%
2021 F Indianapolis, IN 4 Star 6-6 JR Aaron Henry
56%
2020 F Indianapolis, IN 4 Star 6-6 SO Aaron Henry
56%
2019 F Indianapolis, IN 4 Star 6-6 FR Aaron Henry
56%
2021 G Huntsville, AL 5 Star 6-5 SR Joshua Langford
56%
2018 G Huntsville, AL 5 Star 6-5 SO Joshua Langford
56%
2017 G Huntsville, AL 5 Star 6-5 FR Joshua Langford
56%
2017 G Nassau, Bahamas 4 Star 5-10 JR Lourawls Narin Jr
56%
2019 F Gahanna, OH 4 Star 6-9 JR Nick Ward
56%
2018 F Gahanna, OH 4 Star 6-9 SO Nick Ward
56%
2017 F Gahanna, OH 4 Star 6-9 FR Nick Ward
56%
2021 G Detroit, MI 4 Star 6-2 SO Rocket Watts
56%
2020 G Detroit, MI 4 Star 6-2 FR Rocket Watts
56%
2016 F Muskegon, MI 4 Star 6-10 FR Deyonta Davis
44%
2021 F Macomb, MI 3 Star 6-8 JR Thomas Kithier
44%
2015 F Gary, IN 5 Star 6-6 SR Branden Dawson
38%
2016 G Lansing, MI 2 Star 6-3 SR Bryn Forbes
38%
2015 G Lansing, MI 2 Star 6-3 JR Bryn Forbes
38%
2015 G Huber Heights, OH 3 Star 6-1 SR Travis Trice
38%
2016 F Linwood, MI 4 Star 6-9 SR Matt Costello
31%
2015 F Chicago, IL 3 Star 6-9 SO Gavin Schilling
25%
No matching quizzes found
Score Distribution
Percent of People with Each Score
Percentile by Number Answered
Your Score History
You have not taken this quiz